| 000 | 00000nam##2200000za#4500 |
| 001 | 9.697486 |
| 003 | CaOODSP |
| 005 | 20210624235513 |
| 007 | cr ||||||||||| |
| 008 | 150407|2006||||xxc|||||o f|0| 0 eng|d |
| 040 | |aCaOODSP|beng |
| 043 | |an-cn--- |
| 086 | 1 |aH129-26/2006E-PDF |
| 110 | 1 |aCanada. |bHealth Canada. |bHealthy Environments and Consumer Safety Branch. |
| 245 | 10|aGuidelines for Canadian drinking water quality - guideline technical document : |h[electronic resource]|btotal coliforms / |c[by] Water Quality and Health Bureau. |
| 260 | |aOttawa - Ontario : |bHealth Canada. |cFebruary 2006. |
| 300 | |a36p.|bfigs., references, tables |
| 590 | |a13-06-Supp|b2013-03-19 |
| 690 | 07|aDrinking water|2gcpds |
| 775 | 08|tRecommandations pour la qualité de l'eau potable au Canada - document technique : |w(CaOODSP)9.641525 |
| 856 | 40|ahttp://publications.gc.ca|qPDF|s349 KB|uhttps://publications.gc.ca/collections/collection_2013/sc-hc/H129-26-2006-eng.pdf |